00542nam a22001697a 450000500170000001000130001702000260003003500120005603700160006808200070008410000250009124500680011624600540018426000530023827000590029130000220035020220816111553.0 aUR-11671 a9789391238919c400.00 aU-10226 bDBAD/PUBa- aن aشفق سوپو ری aدر یا ہے چشم گر یہ نا ک /cشفق سوپو ری aDariya Hai Chashm-E-Girya Nak /bby Shafaq Sopori aNew DelhibEducational Publishing Housec2021 ء aH.O. D1/16, Ansari Road, Darya GanjbNew Delhie110002 a160 صc22cm(pbk)